| 000 | 00501nam a2200181Ia 4500 | ||
|---|---|---|---|
| 008 | 230711s9999||||xx |||||||||||||| ||und|| | ||
| 020 | _a978-1-4051-0260-5 | ||
| 041 | _aENG | ||
| 082 |
_a720.1 _bMA-A |
||
| 100 | _aMallgrave,Francis Harry | ||
| 245 | 0 | _aArchitectural Theory : An Anthology from 1871-2005 Volume- II | |
| 250 | _a1st Ed. | ||
| 260 |
_c2015 _aVictoria _bBlackwell Publishing Ltd. |
||
| 300 | _a620p. | ||
| 650 | _aArchitecture | ||
| 700 | _aContandriopoulos,Christina | ||
| 942 | _cBK | ||
| 999 |
_c6483 _d6483 |
||